Studies in administration and finance, 1558-1825 : with special reference to the history of salt taxation in England /

Bibliographic Details
Main Author: Hughes, Edward, 1899-
Format: Book
Language:English
Published: [Manchester] : Manchester University Press, 1934.
Series:Publications of the University of Manchester. Economic history series ; no. 10.
Subjects:

MARC

Tag First Indicator Second Indicator Subfields
LEADER 00000cam a2200000 4500
001 in00000058180
005 20151008051510.0
008 790712s1934 enkc 00010 eng
010 |a  35005054  
035 |a (OCoLC)05163497 
035 |9 AAG8291AM 
040 |a DLC  |c ZXC  |d TXA  |d UtOrBLW 
049 |a TXAM  |c [187963] 
050 0 0 |a HJ1001  |b .H8 
082 0 |a 336.42 
092 |a 336.42  |b H893s 
100 1 |a Hughes, Edward,  |d 1899- 
245 1 0 |a Studies in administration and finance, 1558-1825 :  |b with special reference to the history of salt taxation in England /  |c by Edward Hughes. 
264 1 |a [Manchester] :  |b Manchester University Press,  |c 1934. 
300 |a xii, 528 pages :  |b frontispiece (portrait) ;  |c 22 cm. 
336 |a text  |b txt  |2 rdacontent 
337 |a unmediated  |b n  |2 rdamedia 
338 |a volume  |b nc  |2 rdacarrier 
490 1 |a Publications of the University of Manchester... Economic history series, no. X 
490 0 |a Publications of the University of Manchester, no. CCXXX 
500 |a At head of title: Tout Memorial Publication Fund. 
650 0 |a Internal revenue  |z Great Britain. 
650 0 |a Salt  |x Taxation  |z Great Britain. 
650 0 |a Salt industry and trade  |z Great Britain. 
650 0 |a Finance  |z Great Britain  |x History. 
830 0 |a Publications of the University of Manchester.  |p Economic history series ;  |v no. 10. 
999 |a MARS 
999 f f |s 131b8d9c-3033-326d-ab7e-1ff483be7627  |i fb5e30b5-3e65-333f-8ece-cd7f10232fd4  |t 0 
952 f f |p ric  |a Texas A&M University  |b Rellis Campus  |c Joint Library Facility  |d Remote Storage  |t 0  |e HJ1001 .H8  |h Library of Congress classification  |i unmediated -- volume  |m A14800751234 
998 f f |a HJ1001 .H8  |t 0  |l Remote Storage